Ciudadanía y clase social. II parte
Na minha lista:
| Formato: | Desconhecido |
|---|---|
| Publicado em: |
Madrid:
Alianza Editorial
|
| Assuntos: | |
| Tags: |
Adicionar Tag
Sem tags, seja o primeiro a adicionar uma tag!
|
MARC
| LEADER | 00000 a2200000 04500 | ||
|---|---|---|---|
| 001 | 18994 | ||
| 003 | |||
| 008 | 991231s d | ||
| 040 | |a CRAI/IIS |c CRAI/IIS | ||
| 090 | |a 144902 | ||
| 245 | |a Ciudadanía y clase social. II parte | ||
| 260 | |a Madrid: |b Alianza Editorial | ||
| 300 | |a 149 p. | ||
| 650 | |a NACIONALIDAD | ||
| 650 | |a CLASES SOCIALES | ||
| 650 | |a SISTEMA SOCIAL | ||
| 999 | |c 13955 |d 13955 | ||
